Vocabulaire allemand cg - Statistiques

Statistiques générales
  • Ce quiz a été pris 9 fois
  • Le résultat moyen est 7 sur 15
Statistiques - réponses
Wort Übersetzung % Correct
reconnaître (an)erkennen
100%
la constitution die Verfassung
75%
indépendant unabhängig
75%
La négociation Die Verhandlung
50%
nécessaire notwendig
50%
justifier rechtfertigen
50%
soutenir unterstützen
50%
concerner betreffen
25%
l'exclusion Der Ausschluss
25%
La restriction Die Beschränkung
25%
le règlement Die Verordnung
25%
administration die Verwaltung
25%
changer verändern
25%
proclamer verkünden
25%
aggraver verschärfen
25%
Aucun quiz correspondant
Distribution des résultats
% des personnes avec chaque résultat
Percentile par nombre de réponses
Votre historique - résultats
Vous n’avez pas pris ce quiz